[Event "Olimpiade 2022 - Open"]
[Site "Chennai"]
[Date "05.08.2022"]
[Round "7.40"]
[Board "1"]
[White "Mansour, Sameer"]
[Black "Rohl Montes, Juan Armando"]
[Result "0-1"]
[WhiteTitle "IM"]
[BlackTitle "IM"]
[WhiteElo "2275"]
[BlackElo "2382"]
[WhiteTeam "Jordan"]
[BlackTeam "Venezuela"]
[WhiteFideId "8100144"]
[BlackFideId "3900487"]
[EventDate "2022.07.29"]

1. c4 e5 2. Nc3 d6 3. Nf3 f5 4. d4 e4 5. Nd2 Nf6 6. e3 c6 7. Be2 g6 8. a4 a5 9.
b3 Bg7 10. Ba3 Na6 11. O-O O-O 12. Na2 Re8 13. b4 axb4 14. Nxb4 Nc7 15. Qb3 Kh8
16. d5 c5 17. Na2 Nd7 18. Nc3 Ne5 19. Bb2 Na6 20. Nb5 Qe7 21. f3 exf3 22. Bxf3
Bd7 23. Rae1 Nb4 24. Be2 Rf8 25. Bc3 Na6 26. Qb2 Kg8 27. Nf3 Bxb5 28. cxb5 Nxf3+
29. Bxf3 Nb4 30. Bxg7 Qxg7 31. Qxg7+ Kxg7 32. e4 Nc2 33. Rc1 Nd4 34. Rfe1 fxe4
35. Rxe4 Rxa4 36. Re7+ Rf7 37. Rce1 Nxf3+ 38. gxf3 Rd4 39. b6 Rb4 40. R1e6 Rxb6
41. Rxf7+ Kxf7 42. Kf2 Ra6 43. Ke3 b5 44. Kd3 b4 45. Kc4 Rb6 46. Kb3 c4+ 47.
Kxc4 b3 48. Re1 b2 49. Rb1 Kf6 50. Kc3 Kf5 51. Kc2 Ke5 0-1

[Event "Olimpiade 2022 - Open"]
[Site "Chennai"]
[Date "05.08.2022"]
[Round "7.42"]
[Board "2"]
[White "Isaakidis, Alexandros"]
[Black "Tissir, Mohamed"]
[Result "0-1"]
[BlackTitle "IM"]
[WhiteElo "2165"]
[BlackElo "2366"]
[WhiteTeam "Cyprus"]
[BlackTeam "Morocco"]
[WhiteFideId "5903076"]
[BlackFideId "9000240"]
[EventDate "2022.07.29"]

1. d4 Nf6 2. c4 g6 3. Nc3 Bg7 4. e4 d6 5. Bg5 Nbd7 6. h3 O-O 7. Bd3 e5 8. d5 h6
9. Be3 Nh5 10. g3 Nc5 11. Bc2 a5 12. Qd2 Kh7 13. Nge2 Qe7 14. O-O-O Nf6 15. g4
Nfd7 16. Ng3 a4 17. Qe2 a3 18. b3 Qh4 19. Nb5 Na6 20. Qd2 Re8 21. Rdg1 Nf8 22.
Bb1 Bd7 23. Nc3 Reb8 24. Nb5 Bxb5 25. cxb5 Nc5 26. g5 Nfd7 27. f3 hxg5 28. Bc2
Nf6 29. Nf1 Bh6 30. Rg4 Nxg4 31. fxg4 Bf8 32. Bf2 Qh6 33. h4 Kg8 34. Be3 Be7 35.
Rh2 Qg7 36. h5 c6 37. h6 Qf8 38. Bxc5 dxc5 39. bxc6 bxc6 40. Ne3 cxd5 41. Nxd5
c4 42. Qc3 f6 43. Qxc4 Kh8 44. Qc7 Bd8 45. Qd7 Ra6 46. Kb1 Rd6 47. Qa7 Bb6 48.
Qxa3 Bd4 49. Bd3 Rc8 50. Bc4 Rxc4 0-1

[Event "Olimpiade 2022 - Open"]
[Site "Chennai"]
[Date "05.08.2022"]
[Round "7.42"]
[Board "3"]
[White "Hadj Kholti, Yasser"]
[Black "Damianou, Ioannis"]
[Result "0-1"]
[BlackTitle "CM"]
[WhiteElo "1871"]
[BlackElo "2153"]
[WhiteTeam "Morocco"]
[BlackTeam "Cyprus"]
[WhiteFideId "9003258"]
[BlackFideId "5902355"]
[EventDate "2022.07.29"]

1. e4 c5 2. Nf3 Nc6 3. d4 cxd4 4. Nxd4 e6 5. c4 Nxd4 6. Qxd4 Ne7 7. Nc3 Nc6 8.
Qd3 Bc5 9. Be2 d6 10. O-O O-O 11. a3 a6 12. b4 Ba7 13. Be3 e5 14. Rad1 Nd4 15.
f4 Be6 16. fxe5 dxe5 17. c5 b6 18. Bxd4 Qxd4+ 19. Qxd4 exd4 20. Nd5 bxc5 21.
Ne7+ Kh8 22. Bxa6 Bb6 23. Bb5 Rxa3 24. bxc5 Bxc5 25. Nd5 f5 26. Nf4 Bb3 27. Rc1
Ba7 28. exf5 d3+ 29. Kh1 d2 30. Rc3 g5 31. Ne6 Bxe6 32. Rxa3 Rxf5 33. Raa1 Rxb5
34. Rxa7 Rd5 35. Raa1 Bg4 36. Rad1 Bxd1 37. Rxd1 Re5 0-1

[Event "Olimpiade 2022 - Open"]
[Site "Chennai"]
[Date "05.08.2022"]
[Round "7.43"]
[Board "2"]
[White "Cabezas Solano, David Alejandro"]
[Black "Al Hosani, Omran"]
[Result "0-1"]
[WhiteTitle "CM"]
[BlackTitle "IM"]
[WhiteElo "2196"]
[BlackElo "2215"]
[WhiteTeam "Costa Rica"]
[BlackTeam "United Arab Emirates"]
[WhiteFideId "6507522"]
[BlackFideId "9308733"]
[EventDate "2022.07.29"]

1. e4 c5 2. Nf3 Nc6 3. Bb5 g6 4. O-O Bg7 5. c3 e5 6. d4 exd4 7. cxd4 cxd4 8. Bf4
d6 9. Nxd4 Ne7 10. Nc3 O-O 11. Nxc6 bxc6 12. Bc4 Be5 13. Bh6 Re8 14. Qb3 d5 15.
exd5 Rb8 16. Qa4 Nf5 17. dxc6 Nxh6 18. c7 Bxh2+ 19. Kxh2 Qxc7+ 20. Kg1 Bd7 21.
Qa6 Ng4 22. g3 Rxb2 23. Nd5 Qe5 24. Rae1 Qxe1 25. Nf6+ Kg7 26. Nxg4 Qc3 27. Qxa7
Be6 28. Bxe6 Rxe6 29. Ne3 Rb5 30. Rd1 Ra5 31. Qb7 Rxe3 32. fxe3 Qxe3+ 33. Kh1
Rh5+ 0-1

[Event "Olimpiade 2022 - Open"]
[Site "Chennai"]
[Date "05.08.2022"]
[Round "7.44"]
[Board "2"]
[White "Boudriga, Mohamed Ali"]
[Black "Andrianiaina, Heritiana"]
[Result "1-0"]
[WhiteTitle "IM"]
[BlackTitle "CM"]
[WhiteElo "2308"]
[BlackElo "2095"]
[WhiteTeam "Tunisia"]
[BlackTeam "Madagascar"]
[WhiteFideId "5500460"]
[BlackFideId "13101048"]
[EventDate "2022.07.29"]

1. Nf3 Nf6 2. g3 d5 3. c4 e6 4. Bg2 Be7 5. O-O O-O 6. d4 dxc4 7. Ne5 Nc6 8. Nxc6
bxc6 9. Na3 Bxa3 10. bxa3 Nd5 11. Qa4 Nb6 12. Qxc6 Rb8 13. Qc5 Bb7 14. e4 Qd6
15. Bf4 Qxc5 16. dxc5 Na4 17. Rfc1 Ba6 18. Bf1 Rfc8 19. Bxc4 Nxc5 20. Be3 Bxc4
21. Rxc4 Nd7 22. Rd1 Nb6 23. Rc6 Kf8 24. a4 Nxa4 25. Bxa7 Rb2 26. Rd7 Rb7 27.
Be3 Ke8 28. Rd2 Rb2 29. Rxb2 Nxb2 30. Bd4 Nd3 31. Rc3 e5 32. Bb6 Nb4 33. Rxc7
Rxc7 34. Bxc7 Nxa2 35. Bxe5 f6 36. Bd4 Kf7 37. Kf1 Nb4 38. Bc3 Nc6 39. Ke2 Ke6
40. f4 g6 41. Kf3 h5 42. h3 Na7 43. g4 hxg4+ 44. Kxg4 Nb5 45. f5+ Kf7 46. Bb4
Nd4 47. h4 gxf5+ 48. exf5 Kg7 49. Bd2 Nc6 50. Kf3 Ne7 51. Ke4 Kf7 52. Bf4 Kg7
53. h5 Kh7 54. Bd6 Nc8 55. Bf4 Ne7 56. Be3 Kg7 57. Bc5 Nc6 58. Be3 Ne7 59. Bf4
Kh7 60. Bd2 Kg7 61. Bf4 Kh7 62. Bd6 Nc8 63. Bf8 Kg8 64. Bc5 Kh7 65. Kd5 Kh6 66.
Ke6 Kg5 67. h6 1-0

[Event "Olimpiade 2022 - Open"]
[Site "Chennai"]
[Date "05.08.2022"]
[Round "7.45"]
[Board "1"]
[White "Rehan, Deng Cypriano"]
[Black "Berend, Elvira"]
[Result "1-0"]
[BlackTitle "WGM"]
[WhiteElo "2105"]
[BlackElo "2333"]
[WhiteTeam "South Sudan"]
[BlackTeam "Luxembourg"]
[WhiteFideId "32500084"]
[BlackFideId "4000510"]
[EventDate "2022.07.29"]

1. e4 e5 2. Nf3 Nc6 3. Bc4 Bc5 4. c3 Nf6 5. O-O d6 6. d3 h6 7. a4 a5 8. Qe2 O-O
9. Be3 Bxe3 10. fxe3 Be6 11. Nbd2 Bxc4 12. Nxc4 Re8 13. Rad1 d5 14. exd5 Nxd5
15. Qf2 Nb6 16. Nxb6 cxb6 17. e4 Re6 18. Nh4 Qc7 19. Nf5 Rf8 20. Qg3 Rg6 21. Qh4
Qd8 22. Qxd8 Rxd8 23. Rf3 Rd7 24. Kf2 Ne7 25. g3 Nxf5 26. Rxf5 Re6 27. Ke3 g6
28. Rf2 Kg7 29. g4 Rc6 30. h4 Rc8 31. Rdf1 Rc6 32. g5 hxg5 33. hxg5 Rc8 34. Rh1
Rcd8 35. Rd2 f6 36. gxf6+ Kxf6 37. d4 exd4+ 38. cxd4 Rc7 39. Rf2+ Kg7 40. Rfh2
Rc4 41. Rh7+ Kf6 42. Rf1+ Ke6 43. d5+ Ke5 44. Re7+ Kd6 45. Rxb7 Re8 46. Rxb6+
Kc7 47. Rc6+ Rxc6 48. dxc6 Rb8 49. Rf2 Rb4 50. Rg2 Rxa4 51. Rxg6 Rb4 52. Rg2
Kxc6 53. Rd2 Ra4 54. Kf4 Ra1 55. Kf5 a4 56. e5 a3 57. bxa3 Rxa3 58. Ke4 1-0

[Event "Olimpiade 2022 - Open"]
[Site "Chennai"]
[Date "05.08.2022"]
[Round "7.46"]
[Board "2"]
[White "Thing, Bibek"]
[Black "Kojima, Shinya"]
[Result "1-0"]
[WhiteTitle "CM"]
[BlackTitle "IM"]
[WhiteElo "2260"]
[BlackElo "2346"]
[WhiteTeam "Nepal"]
[BlackTeam "Japan"]
[WhiteFideId "12303135"]
[BlackFideId "7000812"]
[EventDate "2022.07.29"]

1. e4 e5 2. Nf3 Nc6 3. Bc4 Nf6 4. d3 Bc5 5. c3 d6 6. a4 a5 7. O-O h6 8. Nbd2 O-O
9. h3 Ba7 10. Re1 Be6 11. Bb3 Re8 12. Bc2 Qd7 13. Nf1 Rad8 14. Ng3 d5 15. Qe2
Bc5 16. Nh4 Bxh3 17. exd5 Nxd5 18. gxh3 Nf4 19. Bxf4 exf4 20. Qf3 fxg3 21. Qxg3
Bd6 22. Qg4 Ne5 23. Qxd7 Nxd7 24. d4 Nf6 25. Nf5 Bf8 26. Ne3 c5 27. dxc5 Bxc5
28. Nc4 b6 29. Kf1 g6 30. Rxe8+ Rxe8 31. Re1 Rxe1+ 32. Kxe1 Nd5 33. Bd3 Nf4 34.
Bf1 f6 35. f3 Kf7 36. Kd1 Nd5 37. Nd2 f5 38. Bc4 Ke6 39. Ke2 Ke5 40. Bxd5 Kxd5
41. f4 Bd6 42. Kf3 g5 43. fxg5 hxg5 44. b3 Be5 45. Nb1 Kc5 46. Ke3 Bf4+ 47. Kd3
Bc1 48. Kc2 Be3 49. Kd3 Bf4 50. Na3 g4 51. hxg4 fxg4 52. Nc2 g3 53. Ne1 Kd5 54.
Ng2 Bg5 55. Ne1 Ke5 56. Ng2 Kf5 57. b4 Kg4 58. bxa5 Kf3 59. a6 Kxg2 60. a7 Kf2
61. a8=Q g2 62. Qb8 Be3 63. Qh2 Bc5 64. Kc4 Kf1 65. a5 g1=Q 66. Qxg1+ Bxg1 67.
a6 b5+ 68. Kxb5 Ke2 69. c4 1-0

[Event "Olimpiade 2022 - Open"]
[Site "Chennai"]
[Date "05.08.2022"]
[Round "7.47"]
[Board "1"]
[White "Al Qudaimi, Basheer"]
[Black "Gerena Rivas, Eliam"]
[Result "1-0"]
[WhiteTitle "IM"]
[BlackTitle "FM"]
[WhiteElo "2424"]
[BlackElo "2102"]
[WhiteTeam "Yemen"]
[BlackTeam "Puerto Rico"]
[WhiteFideId "9400346"]
[BlackFideId "3103790"]
[EventDate "2022.07.29"]

1. c4 g6 2. g3 Bg7 3. Bg2 d6 4. h4 Nf6 5. d4 O-O 6. Nc3 Nc6 7. Nf3 Bg4 8. d5 Na5
9. Nd2 c5 10. O-O a6 11. a4 Qb6 12. Qc2 Bf5 13. e4 Bd7 14. Rb1 Ng4 15. b3 Bd4
16. Nf3 e5 17. dxe6 fxe6 18. Ne2 Nc6 19. Nfxd4 cxd4 20. Nf4 a5 21. Qd1 Nf6 22.
Nd3 e5 23. Ba3 Nb4 24. Bxb4 axb4 25. Qd2 Bc6 26. Rbe1 Nd7 27. h5 Nc5 28. Nxc5
dxc5 29. hxg6 hxg6 30. Qg5 Qc7 31. Qxg6+ Kh8 32. Qh6+ Kg8 33. Bh3 Bd7 34. Qg5+
Kh8 35. Bxd7 Qxd7 36. Qxe5+ Qg7 37. Qxc5 Rad8 38. e5 Rf3 39. Kg2 Rxb3 40. e6 Rf8
41. Qh5+ Kg8 42. e7 Rxf2+ 43. Rxf2 Qxg3+ 44. Kh1 Qxf2 45. e8=Q+ Kg7 46. Qeh8# 1-0

[Event "Olimpiade 2022 - Open"]
[Site "Chennai"]
[Date "05.08.2022"]
[Round "7.48"]
[Board "2"]
[White "Liyanage, Ranindu Dilshan"]
[Black "Juarez Flores, Carlos A."]
[Result "1/2-1/2"]
[WhiteTitle "FM"]
[BlackTitle "IM"]
[WhiteElo "2286"]
[BlackElo "2335"]
[WhiteTeam "Sri Lanka"]
[BlackTeam "Guatemala"]
[WhiteFideId "9915834"]
[BlackFideId "7300018"]
[EventDate "2022.07.29"]

1. e4 e6 2. d4 d5 3. Nc3 Bb4 4. exd5 exd5 5. Bd3 Nf6 6. Ne2 Bg4 7. f3 Bh5 8. g4
Bg6 9. h4 c6 10. h5 Bxd3 11. Qxd3 Nbd7 12. g5 Ng8 13. Bf4 Be7 14. O-O-O Bxg5 15.
Qe3+ Be7 16. Rdg1 Nf8 17. Rxg7 Ne6 18. h6 Bf6 19. Be5 Bxe5 20. Qxe5 Ne7 21. Qf6
Rf8 22. Rxh7 Ng6 23. Qxd8+ Rxd8 24. Rg1 Nh4 25. f4 Ke7 26. Ng3 Nxd4 27. Re1+ Kd6
28. Rh1 Nhf5 29. Nxf5+ Nxf5 30. Re1 Rd7 31. Re5 Nd4 32. Kd1 f6 33. Rxd7+ Kxd7
34. Rh5 Ke6 35. Ne2 Nf5 36. c3 Rh8 37. h7 Ng7 38. Rh6 Kf5 39. Nd4+ Ke4 40. Rxf6
Rxh7 41. Rf7 c5 42. Re7+ Kxf4 43. Ne6+ Ke5 44. Nxg7+ Kf6 45. Rd7 Rxg7 46. Rxd5
Rg2 47. Rd2 Rxd2+ 48. Kxd2 Ke5 49. Ke3 1/2-1/2

[Event "Olimpiade 2022 - Open"]
[Site "Chennai"]
[Date "05.08.2022"]
[Round "7.48"]
[Board "4"]
[White "Nabil Nazar, Mohamed"]
[Black "Galvez Dastin, Eduardo"]
[Result "0-1"]
[BlackTitle "FM"]
[WhiteElo "1845"]
[BlackElo "2152"]
[WhiteTeam "Sri Lanka"]
[BlackTeam "Guatemala"]
[WhiteFideId "9961640"]
[BlackFideId "7300310"]
[EventDate "2022.07.29"]

1. d4 d5 2. Bf4 c5 3. e3 Nc6 4. Nf3 Bg4 5. Nbd2 e6 6. c3 Qb6 7. Qb3 c4 8. Qc2
Nf6 9. Be2 Bf5 10. Qc1 h6 11. h3 Qd8 12. Bd1 b5 13. Bc2 Bxc2 14. Qxc2 Be7 15.
O-O O-O 16. e4 b4 17. Ne5 Rc8 18. Rfe1 Re8 19. exd5 Nxd5 20. Bg3 bxc3 21. bxc3
Nxe5 22. dxe5 Qa5 23. Ne4 Red8 24. f3 Rd7 25. Rab1 Nb6 26. Bf2 Nd5 27. g3 Ba3
28. Bd4 Ne7 29. g4 Nc6 30. Red1 Nxe5 31. Bxe5 Rxd1+ 32. Qxd1 Qxe5 33. Qd7 Rb8
34. Rxb8+ Qxb8 35. Kg2 Qb2+ 36. Kg3 Qb8+ 37. Kg2 Bf8 38. g5 hxg5 39. Nxg5 Qf4
40. h4 a5 41. a4 g6 42. Qd8 Qd6 43. Qe8 Qe7 44. Qc8 Qc5 45. Qd7 Qf5 46. Ne4 Qf4
47. Qd8 Qe5 48. Nf6+ Kg7 49. Ne4 Ba3 50. Qd7 Bc1 51. Qd1 Bf4 52. Qd8 Bc1 53. Qd1
Bh6 54. Qd8 Bf4 55. Qe7 Qf5 56. Qd8 Qe5 57. Qd7 Qd5 58. Qe7 Qf5 59. Qd8 Qe5 60.
Qd7 Qc7 61. Qd4+ Be5 62. Qe3 Qc6 63. h5 Qd5 64. Qg5 Bxc3 65. h6+ Kh7 66. Qe3 Bd4
67. Qf4 f6 68. Qc7+ Kxh6 69. Qf7 f5 70. Ng3 Be5 71. Qf8+ Bg7 72. Qe7 Kh7 73. Qg5
c3 74. Kh3 Qd2 75. f4 c2 76. Nh5 Qe3+ 77. Kh4 Qf2+ 78. Kh3 Qf3+ 79. Ng3 Qg4+ 0-1

[Event "Olimpiade 2022 - Open"]
[Site "Chennai"]
[Date "05.08.2022"]
[Round "7.51"]
[Board "1"]
[White "Jean Louis, Marckens"]
[Black "Khusenkhojaev, Muhammad"]
[Result "0-1"]
[WhiteTitle "FM"]
[BlackTitle "IM"]
[WhiteElo "2050"]
[BlackElo "2397"]
[WhiteTeam "Haiti"]
[BlackTeam "Tajikistan"]
[WhiteFideId "11900270"]
[BlackFideId "14700247"]
[EventDate "2022.07.29"]

1. e4 e5 2. Nf3 Nc6 3. Bc4 Bc5 4. d3 Nf6 5. c3 O-O 6. O-O d5 7. exd5 Nxd5 8. Bg5
f6 9. Be3 Bxe3 10. fxe3 Na5 11. Bxd5+ Qxd5 12. c4 Qc5 13. Qe1 Nc6 14. Na3 Bf5
15. Rd1 Rad8 16. Qe2 e4 17. d4 exf3 18. Qxf3 Qe7 19. Qxf5 Qxe3+ 20. Qf2 Qxf2+
21. Rxf2 Rxd4 22. Rxd4 Nxd4 23. Rd2 Rd8 24. Kf2 a6 25. Nc2 Nc6 26. Rxd8+ Nxd8
27. Nb4 Kf7 28. Ke3 f5 29. Nd3 Ne6 30. b4 g5 31. a4 Kf6 32. b5 a5 33. c5 b6 34.
cxb6 cxb6 35. g3 Ke7 36. Nb2 Kd6 37. Nc4+ Kc5 38. Kd3 f4 39. Ne5 Kd5 40. Nf7
fxg3 41. hxg3 h5 42. Ke3 h4 43. Nxg5 Nxg5 44. gxh4 Ne6 45. h5 Ke5 46. h6 Kf6 47.
Ke4 Nc5+ 0-1

[Event "Olimpiade 2022 - Open"]
[Site "Chennai"]
[Date "05.08.2022"]
[Round "7.52"]
[Board "1"]
[White "Kwon, Sehyun"]
[Black "Aziz, Husain"]
[Result "1-0"]
[WhiteTitle "CM"]
[BlackTitle "IM"]
[WhiteElo "2225"]
[BlackElo "2380"]
[WhiteTeam "South Korea"]
[BlackTeam "Qatar"]
[WhiteFideId "13203088"]
[BlackFideId "12100293"]
[EventDate "2022.07.29"]

1. e4 e5 2. Nf3 Nc6 3. Bc4 Nf6 4. d4 exd4 5. e5 d5 6. Bb5 Ne4 7. Nxd4 Bd7 8.
Bxc6 bxc6 9. O-O Bc5 10. f3 Ng5 11. Be3 Bb6 12. f4 Ne4 13. Nd2 Nxd2 14. Qxd2 c5
15. Nf3 d4 16. Bf2 Bb5 17. Rfe1 Bc6 18. Bh4 Qd5 19. f5 Kd7 20. c4 dxc3 21. Qxc3
Kc8 22. Bf2 Kb7 23. b3 Rad8 24. a4 a5 25. Rac1 Rhe8 26. Bxc5 Qxc5+ 27. Qxc5 Bxf3
28. gxf3 Rd5 29. Qxb6+ Kxb6 30. f4 Rd4 31. Rf1 Rd3 32. Rfd1 Red8 33. Rxd3 Rxd3
34. Kf2 c6 35. Ke2 Rxb3 36. e6 Kc7 37. Rd1 Rb2+ 38. Ke3 Rb3+ 39. Ke2 Rb2+ 40.
Kf3 Rb3+ 41. Kg4 c5 42. exf7 Rb8 43. f6 1-0

[Event "Olimpiade 2022 - Open"]
[Site "Chennai"]
[Date "05.08.2022"]
[Round "7.52"]
[Board "2"]
[White "Al-Sulaiti, Ghanem"]
[Black "Ahn, Hongjin"]
[Result "0-1"]
[WhiteTitle "FM"]
[BlackTitle "IM"]
[WhiteElo "2183"]
[BlackElo "2303"]
[WhiteTeam "Qatar"]
[BlackTeam "South Korea"]
[WhiteFideId "12100358"]
[BlackFideId "13201492"]
[EventDate "2022.07.29"]

1. e4 c5 2. Nf3 Nf6 3. e5 Nd5 4. c4 Nb4 5. a3 N4c6 6. b4 d6 7. Bb2 Nxe5 8. Nxe5
dxe5 9. b5 Nd7 10. Bd3 g6 11. Qe2 Bg7 12. h4 h5 13. f4 O-O 14. f5 e4 15. fxg6
exd3 16. Qxh5 fxg6 17. Qxg6 e5 18. Qxd3 Nf6 19. Qe3 Ng4 20. Qxc5 Nf2 21. O-O Nd3
22. Rxf8+ Bxf8 0-1

[Event "Olimpiade 2022 - Open"]
[Site "Chennai"]
[Date "05.08.2022"]
[Round "7.53"]
[Board "1"]
[White "Beukes, Dante M"]
[Black "Bagheri, Amir"]
[Result "0-1"]
[WhiteTitle "IM"]
[BlackTitle "GM"]
[WhiteElo "2234"]
[BlackElo "2375"]
[WhiteTeam "Namibia"]
[BlackTeam "Monaco"]
[WhiteFideId "15200540"]
[BlackFideId "12500283"]
[EventDate "2022.07.29"]

1. e4 c6 2. d4 d5 3. e5 Bf5 4. Nd2 e6 5. Nb3 Nd7 6. Nf3 Ne7 7. Be2 Nc8 8. O-O
Be7 9. Ne1 O-O 10. g4 Bg6 11. f4 f5 12. exf6 Bxf6 13. Bd3 Bxd3 14. Nxd3 Re8 15.
Qe2 Nf8 16. a4 a5 17. c3 Nd6 18. Nd2 b6 19. Nf3 Ne4 20. Nf2 Nd6 21. Be3 Qc7 22.
Nh1 b5 23. Ng3 Rab8 24. g5 Bd8 25. Ne5 Ng6 26. Qh5 bxa4 27. Rf2 Ne7 28. f5 exf5
29. Bf4 g6 30. Qh6 Nec8 31. Rg2 Rb7 32. Nh5 Re6 33. h4 c5 34. Nf6+ Bxf6 35. gxf6
Rxf6 36. h5 Qg7 37. hxg6 Qxh6 38. Bxh6 cxd4 39. gxh7+ Kxh7 40. Bg5 Re6 41. cxd4
Nb6 42. Ra3 Rg7 43. Kf1 Kg8 44. Rh3 Nbc4 45. Nd7 Reg6 46. Nf6+ Kf7 47. Nh7 Ne4
48. Rh5 Kg8 0-1

[Event "Olimpiade 2022 - Open"]
[Site "Chennai"]
[Date "05.08.2022"]
[Round "7.53"]
[Board "3"]
[White "Khoa, Goodwill"]
[Black "Ribbegren, Karl Johan"]
[Result "0-1"]
[WhiteElo "1850"]
[BlackElo "2198"]
[WhiteTeam "Namibia"]
[BlackTeam "Monaco"]
[WhiteFideId "15200264"]
[BlackFideId "5400040"]
[EventDate "2022.07.29"]

1. c4 Nf6 2. Nc3 g6 3. Nf3 Bg7 4. d4 O-O 5. e4 d6 6. h3 e5 7. dxe5 dxe5 8. Qxd8
Rxd8 9. Bg5 Re8 10. Nd5 Nxd5 11. cxd5 c6 12. Bc4 cxd5 13. Bxd5 Na6 14. O-O Nc7
15. Bb3 Be6 16. Rfd1 a6 17. Bxe6 Nxe6 18. Be3 Rad8 19. Bb6 Rxd1+ 20. Rxd1 Nd4
21. Nxd4 exd4 22. f3 Re6 23. Ba5 f5 24. exf5 gxf5 25. Kf2 Kf7 26. Bc7 Bh6 27.
Ba5 Be3+ 28. Ke2 Rg6 29. g4 h5 30. Bd2 hxg4 31. Bxe3 gxf3+ 32. Kxf3 dxe3 33.
Rd7+ Ke8 34. Rxb7 Re6 35. Ke2 f4 36. Rb8+ Kf7 37. Rb4 f3+ 38. Ke1 f2+ 39. Ke2
Rf6 40. Rb7+ Kg6 41. Kxe3 f1=Q 0-1

[Event "Olimpiade 2022 - Open"]
[Site "Chennai"]
[Date "05.08.2022"]
[Round "7.54"]
[Board "3"]
[White "Islam Sh.Nour, Kassim"]
[Black "Nsubuga, Haruna"]
[Result "0-1"]
[BlackTitle "FM"]
[WhiteElo "1873"]
[BlackElo "2160"]
[WhiteTeam "Somalia"]
[BlackTeam "Uganda"]
[WhiteFideId "16100360"]
[BlackFideId "10000569"]
[EventDate "2022.07.29"]

1. b3 e5 2. Bb2 Nc6 3. e3 d6 4. Bb5 Ne7 5. d4 a6 6. Bxc6+ Nxc6 7. d5 Ne7 8. c4
g6 9. Ne2 Bg7 10. O-O O-O 11. Nbc3 f5 12. f4 c5 13. Qc2 b5 14. Nd1 bxc4 15. bxc4
Bd7 16. Nf2 Rb8 17. Bc3 Nc8 18. Rab1 Ra8 19. Rb7 Re8 20. Nh3 h6 21. Rfb1 Re7 22.
Qb2 Ba4 23. Rxe7 Qxe7 24. Qb7 Qxb7 25. Rxb7 Ra7 26. Rb8 Bd7 27. Ba5 Kf7 28. Nf2
e4 29. Nd1 Bf6 30. Ndc3 Ke7 31. Kf2 g5 32. g3 g4 33. Ke1 h5 34. Kd2 h4 35. gxh4
Bxh4 36. Ng3 Kf7 37. Ke1 Bf6 38. Nge2 Kg6 39. Kf2 Bh4+ 40. Kg2 Be1 41. Bb6 Nxb6
42. Rxb6 Kf7 43. Rxd6 Rb7 44. Rxa6 Rb2 45. Kf1 Bd2 46. Ra3 Bxe3 47. Nxe4 Bxf4
48. Nxc5 Bd6 49. Ra7 Bxc5 50. Rxd7+ Kf6 51. Rc7 Be3 52. Rc6+ Kf7 53. Re6 f4 54.
Nxf4 Bxf4 55. Re4 Bxh2 56. Rxg4 Rxa2 57. Rh4 Bd6 58. Rh6 Bc5 59. Rc6 Bd4 60. Ke1
Bf6 61. Kd1 Kg6 62. d6 Kf7 63. c5 Bg5 64. Ke1 Ke6 65. Rc8 Rc2 66. Kd1 Rd2+ 67.
Ke1 Rh2 68. Kf1 Rc2 69. Ke1 Bf4 70. Kd1 Rc1+ 71. Ke2 Rc3 72. Rc7 Bg5 73. Rc8 Kd7
74. Rc7+ Ke6 75. Rc8 Ra3 76. Rc7 Bd8 77. Rh7 Rc3 78. Rh8 Ba5 79. Rh5 Ra3 80. Rh7
Bd8 81. Rh8 Ra8 82. Kd3 Kd5 83. Rh5+ Kc6 84. Rf5 Bh4 85. Kc4 Rh8 86. Rd5 Bf6 87.
Rd3 Rh4+ 88. Kb3 Kxc5 89. d7 Rb4+ 90. Kc2 Rb8 91. Kd1 Rd8 92. Ke2 Bd4 93. Rh3
Rxd7 94. Kd3 Kd5 95. Rh5+ Be5 96. Rh1 Rf7 97. Rh3 Ra7 98. Rh4 Ra3+ 99. Ke2 Rb3
100. Ra4 Bd4 101. Ra8 Ke4 102. Re8+ Be5 103. Rd8 Rh3 104. Rf8 Re3+ 105. Kd2 Ra3
106. Rc8 Rh3 107. Kc2 Rh2+ 108. Kb3 Rb2+ 109. Ka3 Rb7 110. Ka4 Kd5 111. Rc2 Bd4
112. Rc8 Bc5 113. Rg8 Kc4 114. Rg4+ Bd4 115. Rg5 Rh7 116. Rf5 Rh1 117. Rf3 Ra1+
118. Ra3 Rb1 119. Rh3 Rb8 120. Rh5 Ra8+ 121. Ra5 Rb8 122. Rh5 Rb4+ 123. Ka5 Rb7
124. Ka4 Bf2 125. Rf5 Be3 126. Rf3 Ra7# 0-1

[Event "Olimpiade 2022 - Open"]
[Site "Chennai"]
[Date "05.08.2022"]
[Round "7.55"]
[Board "2"]
[White "Sixtus Gabriel"]
[Black "Xie, Felix"]
[Result "1-0"]
[BlackTitle "CM"]
[WhiteElo "1787"]
[BlackElo "2224"]
[WhiteTeam "Saint Lucia"]
[BlackTeam "New Zealand"]
[WhiteFideId "23000180"]
[BlackFideId "4308174"]
[EventDate "2022.07.29"]

1. e4 c6 2. d4 d5 3. Nd2 dxe4 4. Nxe4 Nf6 5. Ng3 h5 6. Bc4 h4 7. N3e2 Bg4 8. h3
Bh5 9. c3 e6 10. Qb3 b5 11. Bd3 Nd5 12. a4 b4 13. c4 Nc7 14. Be3 a5 15. Nf4 Nba6
16. Nxh5 Rxh5 17. Be4 Nb8 18. Bf3 Rh8 19. Rd1 Bd6 20. Ne2 Ra6 21. O-O Nd7 22.
Rfe1 Kf8 23. Qd3 g5 24. Nc1 f5 25. d5 Ne5 26. Qe2 cxd5 27. cxd5 exd5 28. Bd4
Nxf3+ 29. Qxf3 Rh7 30. Qxf5+ Rf7 31. Qg4 Be7 32. Nd3 Bf6 33. Ne5 Bxe5 34. Rxe5
Rg6 35. Qh5 Rfg7 36. Rf5+ Kg8 37. Bxg7 Kxg7 38. Re1 d4 39. Rfe5 Nd5 40. Re8 Qd6
41. Qh8+ Kf7 42. Qh7+ Rg7 43. Qf5+ Nf6 44. R1e6 1-0

[Event "Olimpiade 2022 - Open"]
[Site "Chennai"]
[Date "05.08.2022"]
[Round "7.57"]
[Board "1"]
[White "Weldegebriel Beraki, Kibrom"]
[Black "Munoz Santana, Jose Lisandro"]
[Result "0-1"]
[WhiteTitle "CM"]
[BlackTitle "IM"]
[WhiteElo "1793"]
[BlackElo "2423"]
[WhiteTeam "Eritrea"]
[BlackTeam "Dominican Republic"]
[WhiteFideId "15701190"]
[BlackFideId "6400361"]
[EventDate "2022.07.29"]

1. d4 Nf6 2. c4 d6 3. Nf3 Nbd7 4. Nc3 e5 5. Bg5 Be7 6. e3 O-O 7. Be2 Ne8 8. Bxe7
Qxe7 9. O-O e4 10. Nd2 f5 11. b4 Ndf6 12. Nb3 Ng4 13. Rc1 Bd7 14. c5 Nef6 15.
Na5 b6 16. Nb3 d5 17. Qd2 Be6 18. Rc2 g5 19. a4 Kh8 20. a5 bxa5 21. Nxa5 Qg7 22.
f3 exf3 23. gxf3 Nh6 24. Kh1 Rg8 25. Rg1 Bd7 26. Bd1 Qe7 27. c6 Be6 28. Rb2 Rae8
29. Nb7 Bc8 30. Bb3 Bxb7 31. cxb7 c6 32. b5 Qxb7 33. bxc6 Qf7 34. Nb5 Rb8 35.
Qa5 Qe8 36. Re1 Qxc6 37. Ba4 Qe6 38. Rc2 g4 39. Nc7 Qf7 40. Bc6 Rbc8 41. Bb7
Rcd8 42. f4 g3 43. h3 g2+ 44. Rxg2 Qh5 45. Rg5 Qxh3+ 46. Kg1 Rxg5+ 47. fxg5 Qg3+
48. Kf1 Qf3+ 49. Kg1 Rg8 50. Ne6 Ne4 51. Qa2 Nxg5 52. Nf4 Nh3+ 0-1

[Event "Olimpiade 2022 - Open"]
[Site "Chennai"]
[Date "05.08.2022"]
[Round "7.58"]
[Board "1"]
[White "Traore, Bakary"]
[Black "Kaloust, Giorgio"]
[Result "1/2-1/2"]
[WhiteTitle "FM"]
[WhiteElo "2181"]
[BlackElo "1942"]
[WhiteTeam "Mali"]
[BlackTeam "Lebanon"]
[WhiteFideId "19800029"]
[BlackFideId "5303699"]
[EventDate "2022.07.29"]

1. e4 c6 2. d4 d5 3. exd5 cxd5 4. c4 Nf6 5. Nc3 Nc6 6. Nf3 Bg4 7. cxd5 Nxd5 8.
Qb3 Nb6 9. d5 Bxf3 10. gxf3 Nd4 11. Qd1 e5 12. dxe6 Nxe6 13. Bb5+ Nd7 14. Be3 a6
15. Bxd7+ Qxd7 16. Qxd7+ Kxd7 17. O-O-O+ Kc6 18. Rd3 Bc5 19. Ne4 Bxe3+ 20. fxe3
Rhd8 21. Rhd1 Rxd3 22. Rxd3 Rd8 23. Rxd8 Nxd8 24. Kc2 Ne6 25. Kd3 Nc5+ 26. Kd4
Nxe4 27. Kxe4 Kd6 28. Kd4 g5 29. e4 f6 30. a4 b6 31. b3 h6 32. b4 h5 33. h3 1/2-1/2